Rule Curve Optimization of Tarbela Dam for Flood Control and Utilization of Excess Flood Water (Record no. 554402)

000 -LEADER
fixed length control field 00629nam a22001937a 4500
082 ## - DEWEY DECIMAL CLASSIFICATION NUMBER
Classification number P-859
100 ## - MAIN ENTRY--PERSONAL NAME
Personal name Malik, Nasir Ud Din
9 (RLIN) 35974
245 ## - TITLE STATEMENT
Title Rule Curve Optimization of Tarbela Dam for Flood Control and Utilization of Excess Flood Water
260 ## - PUBLICATION, DISTRIBUTION, ETC.
Place of publication, distribution, etc. Risalpur,
Name of publisher, distributor, etc. MCE,
Date of publication, distribution, etc. 2020.
300 ## - PHYSICAL DESCRIPTION
Extent 76 pages.;
Dimensions 30 CM.
526 ## - STUDY PROGRAM INFORMATION NOTE
Program name 0
Interest level 0
Reading level 0
Title point value P_859
650 ## - SUBJECT ADDED ENTRY--TOPICAL TERM
Topical term or geographic name entry element Water Resource
Topical term following geographic name entry element Syn-28
9 (RLIN) 35975
700 ## - ADDED ENTRY--PERSONAL NAME
Personal name Mohy Ud Din Saad
9 (RLIN) 35977
700 ## - ADDED ENTRY--PERSONAL NAME
Personal name Muhammad Asad Naseer
9 (RLIN) 35980
700 ## - ADDED ENTRY--PERSONAL NAME
Personal name Muhammad Ibraheem Khan Yousafzai
9 (RLIN) 35979
700 ## - ADDED ENTRY--PERSONAL NAME
Personal name Supervisor Dr Naeem Shahzad
700 ## - ADDED ENTRY--PERSONAL NAME
Personal name Umair Yasin
9 (RLIN) 35978
942 ## - ADDED ENTRY ELEMENTS (KOHA)
Source of classification or shelving scheme
Koha item type Book
Holdings
Withdrawn status Lost status Source of classification or shelving scheme Damaged status Not for loan Permanent Location Current Location Date acquired Total Checkouts Full call number Barcode Date last seen Price effective from Koha item type
          Military College of Engineering (MCE) Military College of Engineering (MCE) 08/28/2020   P-859 MCE-P-859 08/28/2020 08/28/2020 Book
© 2023 Central Library, National University of Sciences and Technology. All Rights Reserved.